000 01198cam a2200349 a 4500
999 _c21080
_d21080
001 4849796
003 ARRUPE
005 20170601110107.0
008 931130s1989 rh a b 001 0beng d
010 _a 90981842
020 _a0869258311
035 _a(OCoLC)24146560
040 _aMiEM
_cMiEM
_dFU
_dMBU
_dDLC
042 _alccopycat
043 _af-rh---
050 0 4 _aDT2975.B87
_bB47 1989
082 0 0 _a968.91/03
_220
100 1 _aBhebe, Ngwabi.
_916865
245 1 0 _aB. Burombo :
_bAfrican politics in Zimbabwe, 1947-1958 /
_cNgwabi Bhebe.
260 _aHarare, Zimbabwe :
_bCollege Press,
_c1989.
300 _a160 p. :
_bill. ;
_c21 cm.
500 _aSpine title: Benjamin Burombo.
500 _aIncludes index.
504 _aIncludes bibliographical references (p. 150-157).
600 1 0 _aBurombo, Benjamin,
_d1909-1958.
_931873
651 0 _aZimbabwe
_xHistory
_y1890-1965.
_918573
651 0 _aZimbabwe
_xPolitics and government
_y1890-1965.
_95276
740 0 _aBenjamin Burombo.
740 0 _aAfrican politics in Zimbabwe, 1947-1958.
906 _a7
_bcbc
_ccopycat
_d3
_encip
_f19
_gy-gencatlg
942 _2lcc
_cMONOGRAPH